000 00780nam a2200253Ia 4500
003 OSt
005 20220928113555.0
006 a|||||r|||| 00| 0
007 ta
008 220927b |||||||| |||| 00| 0 eng d
020 _cUSD 146.00
024 _a144654
037 _b106, 12/03/2021, Classic Book Service
_cTextual
040 _aSDCL
_cSDCL
_beng
041 _2eng
_aeng
082 _aX:8D, Q9
100 _aMcAndrew Katlin Ed.
_9433906
245 0 _aFinancial management
_b Concepts and applications
260 _aNew York
_b Willford Press
_c2019
300 _avii,205p.
_ccm.
650 _aBusiness Economics and Finance
942 _hX:8D, Q9
_cTEXL
_2CC
999 _c750307
_d750307